000 00781nam a2200241 a 4500
001 BRCA_6240
005 20190320205400.0
008 200711s1912----sp-aco####---#000-0#spa-#
041 _aspa
044 _asp
050 4 _aJN8163
_b.C6 B44
_c1912
100 1 _aBelda, José
_915675
245 1 0 _aLa corte de Cádiz en el oratorio de San Felipe
_cJosé Belda y Rafael M. de Labra.
260 _aMadrid
_bFortanet
_c1912
300 _a110 p.
_bil., retratos, fotografías
_c22 cm.
500 _aEstado físico: encuadernación deteriorada y partida por la mitad
500 _aK100
651 4 _aEspaña. Cortes
_xHistoria
_915676
651 4 _aEspaña
_xConquista Napoleónica, 1808-1813
_915677
700 1 _aLabra, Rafael M. de
_ecoaut.
_915678
902 _aGFM
942 _2lcc
_cB
999 _c5927
_d5927